000
002200000a22000970004500
100
1
_a
Weisbrod, Don
245
1
0
_a
I have changed a great deal
300
_a
Núm 9 (1985), Páginas 26-28
773
0
_t
Together
942
_c
ANA
999
_c
56954
_d
56954